[Event "12th Teplice Open 2017"]
[Site "Teplice CZE"]
[Date "2017.06.11"]
[Round "2.9"]
[White "Stefansson,H"]
[Black "Mikes,J"]
[Result "0-1"]
[WhiteElo "2548"]
[BlackElo "2212"]

1.c4 Nf6 2.Nf3 c6 3.Nc3 d5 4.e3 e6 5.Qc2 Nbd7 6.b3 Bd6 7.Bb2 Qe7 8.Be2 O-O
9.g4 Nxg4 10.Rg1 f5 11.O-O-O Ba3 12.Rg2 dxc4 13.Bxc4 Bxb2+ 14.Qxb2 b5 15.Be2
g6 16.Rdg1 e5 17.e4 Nc5 18.exf5 Bxf5 19.Rxg4 Bxg4 20.Rxg4 Rxf3 {#R} 0-1

[Event "12th Teplice Open 2017"]
[Site "Teplice CZE"]
[Date "2017.06.12"]
[Round "3.6"]
[White "Vorobiov,E"]
[Black "Carstensen,J"]
[Result "1-0"]
[WhiteElo "2591"]
[BlackElo "2356"]

1.Nf3 d5 2.g3 Nf6 3.Bg2 g6 4.c4 c6 5.b3 Bg7 6.Bb2 O-O 7.O-O Re8 8.d4 Bf5 9.Nc3
Ne4 10.e3 Nxc3 11.Bxc3 Be4 12.Qe2 Nd7 13.Rac1 dxc4 14.bxc4 e5 15.Rfd1 exd4
16.Bxd4 Bxf3 17.Bxf3 Bxd4 18.Rxd4 Qe7 19.Rcd1 Rad8 20.Qd2 Ne5 21.Be2 Rxd4
22.exd4 Nd7 23.Bf3 Qa3 24.Kg2 Nb6 25.c5 Nd5 26.Rb1 b6 27.Bxd5 cxd5 28.cxb6
axb6 29.Rxb6 Qa7 30.Rb3 Kg7 31.a3 Re4 32.Rd3 Qa6 33.Re3 Rxe3 34.Qxe3 Qc4 35.h4
h5 36.Qd2 Qb3 37.Qc1 Qd3 38.Qa1 Qe4+ 39.Kg1 g5 40.Qc1 g4 41.Qg5+ Kf8 42.Qh6+
Kg8 43.Qe3 Qb1+ 44.Kg2 Kf8 45.Qh6+ Ke8 46.Qc6+ {#r} 1-0

[Event "9th Capo d'Orso Open 2017"]
[Site "Porto Mannu Palau ITA"]
[Date "2017.06.07"]
[Round "6.3"]
[White "Marin,Mi"]
[Black "Beshukov,S"]
[Result "1-0"]
[WhiteElo "2528"]
[BlackElo "2404"]

1.c4 Nf6 2.g3 c6 3.Nf3 d5 4.Bg2 g6 5.b3 Bg7 6.Bb2 O-O 7.O-O b6 8.d4 Bb7 9.Nc3
Na6 10.Rc1 c5 11.Ne5 cxd4 12.Qxd4 e6 13.cxd5 exd5 14.Rfd1 Re8 15.f4 Nc7 16.Qa4
Ne6 17.Ba3 a6 18.Nc6 Qd7 19.Nxd5 Nxd5 20.Rxd5 Bxc6 21.Rxd7 Bxa4 22.bxa4 Rad8
23.Rxd8 Rxd8 24.Bb7 a5 25.Kf1 Bd4 26.Rd1 f5 27.Ba6 Nc5 28.Bc4+ Kf8 29.e3 Bf6
30.Rxd8+ Bxd8 31.Bb3 Bf6 32.Ke2 Ke8 33.Bc2 Kd7 34.Kf3 Ke6 35.h3 h5 36.g4 hxg4+
37.hxg4 Bc3 38.e4 fxe4+ 39.Bxe4 g5 40.Bc2 gxf4 41.Bc1 Kf6 42.Bxf4 Ne6 43.Bh6
Ng5+ 44.Ke3 Bb4 45.Kd4 Bc5+ 46.Kd5 Bb4 47.Kc6 Nf7 48.Be3 Ne5+ 49.Kb5 Nxg4
50.Bxb6 Ke7 51.Bxa5 Bxa5 52.Kxa5 Kd8 53.Kb6 Ne5 54.Bb3 Nd7+ 55.Kc6 Ne5+ 56.Kb7
{#r} 1-0

[Event "FSGM June 2017"]
[Site "Budapest HUN"]
[Date "2017.06.10"]
[Round "8.4"]
[White "Ikeda,J"]
[Black "Manca,F"]
[Result "1-0"]
[WhiteElo "2398"]
[BlackElo "2397"]

1.Nf3 Nf6 2.g3 d5 3.Bg2 c6 4.O-O Bg4 5.c4 e6 6.cxd5 exd5 7.d3 Bd6 8.Qb3 Qb6
9.Qc2 O-O 10.e4 Nbd7 11.Be3 Qa5 12.h3 Bh5 13.Nbd2 Rfe8 14.Rfe1 Rac8 15.a3 c5
16.Nh4 c4 17.exd5 Nxd5 18.Bxd5 Qxd5 19.dxc4 Qe6 20.Qf5 Qxf5 21.Nxf5 Be5 22.Nd4
Nc5 23.g4 Bg6 24.N2f3 Nd3 25.Nxe5 Rxe5 26.f4 Re4 27.f5 Rce8 28.Nc2 Nxe1
29.Rxe1 Rxc4 30.Re2 Rec8 31.Nd4 Re8 32.Kf2 a6 33.Rd2 h5 34.fxg6 hxg4 35.gxf7+
Kxf7 36.hxg4 Rd8 37.Ke2 Kg6 38.Kd3 Rc1 39.Ke2 Rd7 40.Rd3 Rb1 41.Rb3 b5 42.Rb4
Rc7 43.Kd3 Rd1+ 44.Ke2 Rb1 45.Kd2 Ra1 46.Nf3 Rb1 47.Bd4 Kh7 48.Bc3 Rd7+ 49.Kc2
Rf1 50.Ne5 Rd5 51.Re4 Rg1 52.Kb3 Rg2 53.Kb4 Rd6 54.Ka5 Re6 55.Rf4 Kg8 56.Rd4
Re2 57.Rd8+ Kh7 58.Nd7 R6e4 59.Nf8+ Kg8 60.Ne6+ Kf7 61.Ng5+ Ke7 62.Nxe4 Kxd8
63.Nc5 Rg2 64.Kxa6 Rxg4 65.Kxb5 g5 66.Kc6 Rg1 67.Be5 g4 68.Ne4 Rd1 69.b4 Rd3
70.a4 Re3 71.Kd5 Ra3 72.a5 Rd3+ 73.Ke6 Rb3 74.Bd6 Rb1 75.a6 Kc8 76.Kf5 Rg1
77.Ng3 {#r} 1-0

[Event "18th ch-EUR Indiv 2017"]
[Site "Minsk BLR"]
[Date "2017.06.06"]
[Round "7.79"]
[White "Chigaev,M"]
[Black "Repka,C"]
[Result "0-1"]
[WhiteElo "2559"]
[BlackElo "2452"]

1.c4 c6 2.Nf3 d5 3.b3 Bf5 4.Bb2 e6 5.e3 h6 6.Nc3 Nf6 7.Be2 Bd6 8.h3 Nbd7 9.d4
Qe7 10.a3 Ne4 11.Nxe4 dxe4 12.Nd2 e5 13.c5 Bc7 14.Nc4 Rd8 15.Nd6+ Bxd6 16.cxd6
Qxd6 17.dxe5 Qg6 18.Qd6 Qxd6 19.exd6 f6 20.O-O-O Nc5 21.b4 Na4 22.Bd4 Kf7
23.Bh5+ Ke6 24.Rd2 Nb6 25.Bd1 Kf7 26.Bxb6 axb6 27.Bc2 Rhe8 28.Rhd1 Bd7 29.g4
g6 30.Kb2 f5 31.gxf5 gxf5 32.Bb3+ Kf6 33.h4 Rh8 34.Rg1 Rh7 35.h5 Be8 36.Rg8
Rhd7 37.Rf8+ Bf7 38.Rxd8 Rxd8 39.Bxf7 Kxf7 40.Rd1 Ke6 41.Rg1 Rxd6 42.Rg7 Rd2+
43.Kc3 Rxf2 44.Rxb7 Re2 45.Rxb6 Kd5 {#R} 0-1

[Event "8th Dolomiti Open 2017"]
[Site "Forni di Sopra ITA"]
[Date "2017.06.10"]
[Round "1.11"]
[White "Vezzosi,P"]
[Black "Gasperi,F"]
[Result "1-0"]
[WhiteElo "2333"]
[BlackElo "2104"]

1.Nf3 d5 2.c4 c6 3.b3 Bf5 4.d3 e6 5.g3 Nf6 6.Bg2 Nbd7 7.Bb2 Be7 8.Nh4 Bg4
9.Nd2 O-O 10.h3 Bh5 11.g4 Bg6 12.O-O Qc7 13.Ndf3 a5 14.Qc2 Rac8 15.Rad1 Rfe8
16.Nxg6 hxg6 17.e4 dxe4 18.dxe4 e5 19.Ne1 Bc5 20.Nd3 Bd4 21.c5 Bxb2 22.Nxb2
Nf8 23.Nc4 Rcd8 24.Qc3 Ne6 25.Nxa5 Nf4 26.Qb4 Rd4 27.Qb6 Qe7 28.Rxd4 exd4
29.Qxb7 Qxc5 30.e5 Rxe5 31.Nxc6 Re8 32.Qb4 Qc3 33.Kh2 Qb2 34.Qxd4 Qxd4 35.Nxd4
Rd8 36.Nf3 Ne4 37.h4 Nd2 38.Rd1 Nxf3+ 39.Bxf3 {#r} 1-0

[Event "12th American Continental"]
[Site "Medellin COL"]
[Date "2017.06.11"]
[Round "3.17"]
[White "Ramirez,Alej"]
[Black "Umetsubo,C"]
[Result "1-0"]
[WhiteElo "2552"]
[BlackElo "2381"]

1.c4 e6 2.Nf3 Nf6 3.g3 d5 4.b3 Be7 5.Bg2 O-O 6.O-O Nbd7 7.Bb2 c6 8.d3 a5 9.Nc3
Nc5 10.Rb1 Qb6 11.Qc2 Rd8 12.d4 Nce4 13.Na4 Qa6 14.c5 Nd7 15.Ne5 Nef6 16.f4
Nxe5 17.fxe5 Nd7 18.Bh3 Rf8 19.Rbc1 b5 20.Nc3 f5 21.Rf3 Qa7 22.Kh1 b4 23.Nd1
a4 24.Rb1 Ba6 25.Ne3 a3 26.Bc1 g6 27.Bf1 Rac8 28.Ng2 Nxe5 29.dxe5 Bxc5 30.Bh6
Rfd8 31.Nf4 Kf7 32.Bh3 Be3 33.Nxe6 Bxh6 34.Nxd8+ Rxd8 35.Bxf5 Kg8 36.Qxc6 Bg7
37.Bd3 Bc8 38.e6 Qe7 39.Rf7 Qd6 40.e7 Kxf7 {#r} 1-0

[Event "CHN Team Men 2017"]
[Site "Beijing CHN"]
[Date "2017.06.09"]
[Round "4.5"]
[White "Zhao,Yuanhe"]
[Black "Chen,Baining"]
[Result "1-0"]
[WhiteElo "2401"]
[BlackElo "2053"]
[EventType "team"]

1.Nf3 Nf6 2.c4 e6 3.g3 d5 4.Bg2 Be7 5.O-O O-O 6.Qc2 c5 7.d4 cxd4 8.Nxd4 e5
9.Nf5 d4 10.Nxe7+ Qxe7 11.b4 Rd8 12.b5 g6 13.Bg5 Bf5 14.Qb2 Nbd7 15.Bxb7 Rab8
16.Bg2 Rdc8 17.Nd2 h6 18.Bxf6 Qxf6 19.Rac1 Nc5 20.Qa3 e4 21.Nb3 Nxb3 22.Qxb3
Qe5 23.Rfd1 Be6 24.Qb4 Rc5 25.Bxe4 a5 26.Qa3 Rxc4 27.Bd3 Rxc1 28.Rxc1 Qd5
29.Qxa5 Ra8 30.Qd2 Kh7 31.Rc2 Bh3 32.f3 Bf5 33.Bxf5 Qxf5 34.Qd3 {#r} 1-0

[Event "18th ch-EUR Indiv 2017"]
[Site "Minsk BLR"]
[Date "2017.06.10"]
[Round "11.81"]
[White "Harutyunian,T"]
[Black "Maljush,A"]
[Result "0-1"]
[WhiteElo "2523"]
[BlackElo "2286"]

1.Nf3 Nf6 2.c4 c6 3.g3 g6 4.Bg2 Bg7 5.Qa4 O-O 6.O-O d5 7.d3 Nbd7 8.cxd5 Nxd5
9.Nbd2 N7b6 10.Qc2 h6 11.a3 Bd7 12.Ne4 Qc8 13.Nc5 Bg4 14.Bd2 Nd7 15.Nb3 N7f6
16.Na5 Bh3 17.Bxh3 Qxh3 18.Nxb7 Rab8 19.Na5 Ng4 20.Rab1 Nc7 21.Nc4 Ne6 22.Bc3
Rb5 23.Bxg7 Rh5 24.Ne3 Nxh2 25.Nh4 Nxf1 26.Rxf1 Kxg7 27.Qxc6 Nd4 28.Qc3 e5
29.Re1 g5 30.Nef5+ Nxf5 31.Qxe5+ Kg8 32.Qxf5 Rxh4 33.Qxh3 Rxh3 34.Rc1 g4
35.Rc5 Kg7 36.Kg2 Kg6 37.Rc4 Rh5 38.Rxg4+ Rg5 39.Rc4 a5 40.b4 axb4 41.axb4 Rb8
42.f4 Rgb5 43.Rc6+ Kg7 44.Kf3 Rxb4 45.Rd6 R8b6 46.Rd7 Rb1 47.e4 Rb7 48.Rd5
Rf1+ 49.Kg4 Rb6 50.f5 Rb2 51.Rd8 Rbf2 52.d4 Re2 53.Re8 Rg2 54.e5 h5+ 55.Kh3
Rd2 56.Kh4 Rxf5 {#R} 0-1

[Event "12th American Continental"]
[Site "Medellin COL"]
[Date "2017.06.11"]
[Round "3.3"]
[White "Cordova,E"]
[Black "Terry,R"]
[Result "1-0"]
[WhiteElo "2651"]
[BlackElo "2454"]

1.Nf3 Nf6 2.c4 b6 3.g3 Bb7 4.Bg2 g6 5.d4 Bg7 6.O-O O-O 7.d5 e6 8.Nc3 d6 9.Rb1
Re8 10.b4 a5 11.a3 axb4 12.axb4 exd5 13.cxd5 Ne4 14.Nxe4 Rxe4 15.e3 Nd7 16.Nd4
Re8 17.Bb2 Ba6 18.Re1 Ne5 19.b5 Bb7 20.Nc6 Nxc6 21.bxc6 Ba6 22.Bxg7 Kxg7
23.Ra1 Qf6 24.Ra4 Bb5 25.Rb4 Ra5 26.Qb3 Ra1 27.Rxa1 Qxa1+ 28.Qb1 Qxb1+ 29.Rxb1
Bd3 30.Ra1 f5 31.Ra7 Re7 32.f4 Bc4 33.Kf2 h5 34.h3 Kf7 35.Bf3 Kg7 36.Ra4 Bb5
37.Rb4 Bd3 38.g4 hxg4 39.hxg4 fxg4 40.Bxg4 Re4 41.Rb3 Bc2 42.Rc3 Ba4 43.Bf3
Rb4 44.e4 Kf6 45.Re3 g5 46.e5+ dxe5 47.fxe5+ Ke7 48.Re1 Rf4 49.Kg3 Bb3 50.Re3
Bc4 51.Ra3 Rd4 52.d6+ cxd6 53.Ra7+ Ke6 54.Ra8 Kxe5 55.Bg4 Rd3+ 56.Kf2 Rc3
57.c7 Be6 58.Re8 Rxc7 59.Rxe6+ Kd5 60.Rg6 Rc2+ 61.Be2 Kc5 62.Rxg5+ d5 63.Ke3
Rc3+ 64.Bd3 Ra3 65.Rg8 Kd6 66.Kd4 Ra4+ 67.Kc3 Ra3+ 68.Kc2 Kc5 69.Rg4 Ra2+
70.Kb3 Rd2 71.Kc3 Rh2 72.Rg8 Rh3 73.Rc8+ Kd6 74.Kd2 Rh2+ 75.Be2 Rh3 76.Bd1 Rg3
77.Ba4 Ra3 78.Be8 Rb3 79.Bf7 Rf3 80.Bg8 Rg3 81.Ke2 Rg7 82.Ke3 b5 83.Rd8+ Ke7
84.Ra8 Kd6 85.Kd4 Rg4+ 86.Kc3 Rg7 87.Kb4 Rg2 88.Bh7 Rb2+ 89.Kc3 Rh2 90.Bd3 Rh3
91.Rb8 Kc6 92.Kd2 Rh2+ 93.Be2 Rg2 94.Ke3 Rg3+ 95.Kd4 Rb3 96.Bd3 Rb4+ 97.Kc3
Rh4 98.Bxb5+ Kc5 99.Bf1 Rg4 100.Rc8+ Kd6 101.Be2 Rh4 102.Kd3 Rh3+ 103.Kd4 Rh4+
104.Ke3 Re4+ 105.Kd3 Ra4 106.Bd1 Rb4 107.Rh8 Kc5 108.Bf3 Rb3+ 109.Ke2 Rb2+
110.Ke3 Rb3+ 111.Kf4 Kd4 112.Rh1 Rc3 113.Rb1 Ra3 114.Be2 Kc5 115.Rc1+ Kd6
116.Bb5 Rb3 117.Rc6+ Ke7 118.Rb6 Rb1 119.Ke5 Re1+ 120.Kxd5 Rh1 121.Bd3 Rh5+
122.Kd4 Rg5 123.Be4 Rh5 124.Ra6 Rg5 125.Bd5 Rh5 126.Re6+ Kd7 127.Rf6 Ke7
128.Re6+ Kd7 129.Kc5 Rf5 130.Rh6 Ke7 131.Rg6 Rh5 132.Kc6 Rf5 133.Re6+ Kf7
134.Rd6+ Kg7 135.Kd7 Re5 136.Bc4 Re4 137.Be6 Re5 138.Ke7 Kg6 139.Rd4 Kg5
140.Kf7 Ra5 141.Rg4+ Kh5 142.Kf6 Ra8 143.Rg5+ Kh4 144.Rg4+ Kh5 145.Rd4 Ra6
146.Rd5+ Kh6 147.Rd8 Ra7 148.Rd3 Ra5 149.Rg3 Rb5 150.Rg8 Rb7 151.Rg6+ Kh5
152.Rg5+ Kh4 153.Rg4+ Kh5 154.Ra4 Rb6 155.Ra8 Kh4 156.Ra3 {#r} 1-0

[Event "9th Capo d'Orso Open 2017"]
[Site "Porto Mannu Palau ITA"]
[Date "2017.06.06"]
[Round "5.12"]
[White "Mantovani,R"]
[Black "Vincenzi,M"]
[Result "1-0"]
[WhiteElo "2319"]
[BlackElo "2109"]

1.c4 Nf6 2.Nc3 d5 3.cxd5 Nxd5 4.Nf3 g6 5.g3 Bg7 6.Bg2 c5 7.O-O Nc6 8.Nxd5 Qxd5
9.d3 O-O 10.a3 Qd6 11.Bf4 e5 12.Be3 Be6 13.Ng5 Bd5 14.Ne4 Bxe4 15.Bxe4 Nd4
16.Bd2 Rac8 17.b4 b6 18.bxc5 bxc5 19.Re1 f5 20.Bg2 e4 21.dxe4 fxe4 22.Bxe4
Rce8 23.Bd3 Nf3+ 24.exf3 Qxd3 25.Be3 c4 26.Qxd3 cxd3 27.Rad1 Bc3 28.Rf1 Rd8
29.Bxa7 Rxf3 30.Bc5 d2 31.Kg2 Rfd3 32.f4 R8d5 33.Bb4 Bxb4 34.axb4 Kf7 35.Rf3
Ke6 36.Kf2 R3d4 37.Rb3 Rb5 38.Ke3 Rdxb4 39.Rxb4 Rxb4 40.Rxd2 Rb3+ 41.Ke4 h5
42.Ra2 Rb4+ 43.Kf3 Rb3+ 44.Kg2 h4 45.Ra6+ Kf5 46.Ra5+ Kf6 47.g4 h3+ 48.Kf2
Rb2+ 49.Kg3 Rb3+ 50.Kh4 Rf3 51.Ra6+ Kf7 52.Kg5 Rf2 53.Rf6+ Ke7 54.Rxg6 Rxh2
55.Rh6 Rh1 56.f5 h2 57.Rh7+ Kf8 58.f6 Kg8 59.Kg6 Rf1 60.Rxh2 {#r} 1-0

[Event "12th American Continental"]
[Site "Medellin COL"]
[Date "2017.06.11"]
[Round "3.1"]
[White "Iturrizaga,E"]
[Black "Barrientos,S"]
[Result "1-0"]
[WhiteElo "2663"]
[BlackElo "2463"]

1.c4 Nf6 2.Nc3 e6 3.Nf3 Bb4 4.Qc2 d6 5.g3 O-O 6.Bg2 e5 7.O-O Bxc3 8.Qxc3 a5
9.b3 Re8 10.Bb2 Nc6 11.d3 Bg4 12.Rfe1 Qd7 13.a3 Bh3 14.Bh1 Qg4 15.e4 Qh5 16.d4
Bg4 17.d5 Ne7 18.Nd2 c6 19.b4 Rec8 20.Qb3 a4 21.Qd3 cxd5 22.cxd5 Qg6 23.Nc4
Rd8 24.Qe3 Nd7 25.Na5 f5 26.Nxb7 Rdb8 27.Na5 Rxa5 28.bxa5 Rxb2 29.Rab1 Rxb1
30.Rxb1 Nc5 31.a6 Nc8 32.Rb8 f4 33.Qxc5 dxc5 34.a7 fxg3 35.hxg3 Qh6 36.Rxc8+
Bxc8 37.a8=Q Qa6 38.Qb8 c4 39.Qc7 h6 40.Bf3 Bh3 41.Be2 Qb5 42.Qxc4 Qb2 43.g4
h5 44.d6+ Kh7 45.Qd3 Qc1+ 46.Qd1 Qc8 47.d7 Qd8 48.Qd6 hxg4 49.Qxe5 Qxd7
50.Qh5+ Kg8 51.Bc4+ Kf8 52.Qh8+ Ke7 53.Qxg7+ Kd8 54.Qxd7+ Kxd7 55.Bf1 {#r} 1-0

[Event "10th Mayors Cup Open 2017"]
[Site "Mumbai IND"]
[Date "2017.06.07"]
[Round "5.9"]
[White "Karthikeyan,P2"]
[Black "Sekar,B"]
[Result "1-0"]
[WhiteElo "2502"]
[BlackElo "2247"]

1.c4 Nf6 2.Nc3 e6 3.e4 d5 4.e5 d4 5.exf6 dxc3 6.bxc3 Qxf6 7.Nf3 e5 8.Bd3 Bg4
9.Be4 Nd7 10.h3 Bf5 11.Qc2 Bxe4 12.Qxe4 Qg6 13.Qxb7 Rb8 14.Qd5 Bd6 15.O-O O-O
16.c5 Nxc5 17.Nxe5 Qf5 18.d4 Rfe8 19.Qf3 Qxf3 20.Nxf3 Na4 21.c4 c6 22.Be3 Rb2
23.Rfd1 h6 24.Ne5 Nc3 25.Rd3 Ne2+ 26.Kf1 c5 27.Nf3 cxd4 28.Bd2 Nc3 29.Rxd4 Ne4
30.Be3 Bc5 31.Rxe4 Rxe4 32.Bxc5 Rxc4 33.Bxa7 Ra4 34.Bd4 Rbxa2 35.Rb1 R2a3
36.Rb8+ Kh7 37.Rd8 Rc4 38.Rd7 Kg8 39.Rd8+ Kh7 40.Be3 Rc2 41.g3 Rac3 42.h4 Rc8
43.Rd5 R2c7 44.Kg2 Re7 45.Nd4 Rce8 46.Kf3 Re5 47.Rd6 R8e7 48.g4 h5 49.g5 Rb7
50.Ne2 Re6 51.Rd5 f6 52.g6+ Kxg6 53.Nf4+ Kf7 54.Nxe6 Kxe6 55.Rxh5 {#r} 1-0

[Event "12th Teplice Open 2017"]
[Site "Teplice CZE"]
[Date "2017.06.11"]
[Round "2.7"]
[White "Stocek,J"]
[Black "Worek,J"]
[Result "1-0"]
[WhiteElo "2585"]
[BlackElo "2255"]

1.c4 Nf6 2.Nc3 e6 3.e4 d5 4.e5 d4 5.exf6 dxc3 6.bxc3 Qxf6 7.d4 Be7 8.Nf3 h6
9.Bd3 Nd7 10.h4 c5 11.Qe2 Bd6 12.Rh3 Qd8 13.Kf1 Qc7 14.a4 b6 15.a5 bxa5 16.Nd2
Nf6 17.Ne4 Nxe4 18.Bxe4 Rb8 19.Bd3 Bd7 20.Qg4 Kf8 21.Rf3 Kg8 22.h5 a4 23.Rf6
Kf8 24.Rf3 Kg8 25.Kg1 cxd4 26.cxd4 e5 27.Bf5 Bxf5 28.Qxf5 exd4 29.c5 Be5
30.Rxa4 Rd8 31.Rc4 Rd5 32.g3 Qd7 33.c6 Qc7 34.Bf4 Bxf4 35.Qxd5 Be5 36.Kg2 Qe7
37.Rf5 Bc7 38.Rxd4 Bb6 39.Re4 {#r} 1-0

[Event "18th ch-EUR Indiv 2017"]
[Site "Minsk BLR"]
[Date "2017.06.06"]
[Round "7.84"]
[White "Kessler,L"]
[Black "Sanal,V"]
[Result "0-1"]
[WhiteElo "2431"]
[BlackElo "2533"]

1.c4 Nf6 2.g3 e5 3.Bg2 h6 4.Nc3 Bb4 5.e4 Bxc3 6.bxc3 d6 7.Ne2 O-O 8.d3 Nc6
9.O-O Nh7 10.Rb1 b6 11.f4 Bb7 12.h3 Re8 13.g4 exf4 14.Bxf4 Ne5 15.Ng3 a6
16.Rf2 Bc6 17.Qc2 Bd7 18.Rbf1 Be6 19.Nh5 g6 20.Ng3 Qh4 21.Qd2 Ng5 22.Qe3 Nxh3+
23.Bxh3 Qxh3 24.Nf5 Qxe3 25.Nxh6+ Kg7 26.Bxe3 Rh8 27.g5 Rhf8 28.d4 Nxc4 29.Bc1
c6 30.Kg2 d5 31.exd5 cxd5 32.Bf4 b5 33.Kg3 Rfc8 34.Ng4 Bxg4 35.Kxg4 Re8 36.Rh1
Re4 37.Rfh2 Rg8 38.Kg3 Kf8 39.Rf2 Ke7 40.Rhf1 Rc8 41.Rf3 Ke6 42.R1f2 Kd7
43.Be5 Nxe5 44.dxe5 Ke6 45.Rxf7 Rxc3+ 46.R2f3 Rxf3+ 47.Rxf3 Kxe5 48.Rf6 d4
49.Rxg6 d3 50.Rg8 d2 51.Re8+ Kd4 52.Rd8+ Ke3 53.g6 Re6 {#R} 0-1

[Event "18th ch-EUR Indiv 2017"]
[Site "Minsk BLR"]
[Date "2017.06.06"]
[Round "7.98"]
[White "Sadovsky,Artem"]
[Black "Baron,Ta"]
[Result "0-1"]
[WhiteElo "2407"]
[BlackElo "2540"]

1.c4 e5 2.g3 Nc6 3.Bg2 Bc5 4.Nc3 a6 5.e3 Ba7 6.Nge2 d6 7.O-O h5 8.d4 h4 9.Nd5
hxg3 10.hxg3 Bg4 11.Re1 Qd7 12.b4 Kf8 13.b5 axb5 14.cxb5 Nce7 15.dxe5 dxe5
16.Ba3 Qf5 17.Qa4 Qh5 18.Nxe7 Nxe7 19.Kf1 Rh6 20.Qe4 Bb6 21.Bxe7+ Kxe7 22.Nf4
Qg5 23.Nd5+ Kf8 24.Nxb6 Rxb6 25.a4 Rd8 26.Rec1 Rd2 27.Rxc7 Qd8 28.Rcc1 Rf6
29.Kg1 Rfxf2 30.Bf1 Qg5 31.Qxb7 Rxf1+ 32.Kxf1 Qf5+ {#R} 0-1

[Event "12th American Continental"]
[Site "Medellin COL"]
[Date "2017.06.11"]
[Round "2.14"]
[White "Flores,Di"]
[Black "Romero Barreto,Jaime Jose"]
[Result "1-0"]
[WhiteElo "2567"]
[BlackElo "2266"]

1.c4 e5 2.g3 Nf6 3.Bg2 Nc6 4.Nc3 Bb4 5.Nd5 O-O 6.Nf3 Re8 7.O-O Bf8 8.d3 Nxd5
9.cxd5 Nb4 10.Bg5 Be7 11.Qb3 Na6 12.Be3 d6 13.Rac1 f5 14.Rc4 Bf6 15.Rfc1 b6
16.Qa3 Bb7 17.h4 Qc8 18.Ng5 h6 19.Ne6 Nc5 20.Bxc5 dxc5 21.b4 e4 22.dxe4 fxe4
23.Bxe4 c6 24.dxc6 Bxc6 25.Bxc6 Qxc6 26.Nf4 g5 27.hxg5 hxg5 28.Nh5 Be7 29.bxc5
Bxc5 30.Rxc5 bxc5 31.Rxc5 Qg6 32.Qa5 Qb1+ 33.Kh2 Re7 34.Rxg5+ Kf8 35.Rf5+ Ke8
36.Qd5 {#r} 1-0

[Event "8th Dolomiti Open 2017"]
[Site "Forni di Sopra ITA"]
[Date "2017.06.11"]
[Round "2.4"]
[White "Anurag,M"]
[Black "Molina,Fa"]
[Result "1-0"]
[WhiteElo "2466"]
[BlackElo "2237"]

1.c4 e5 2.g3 d6 3.Bg2 f5 4.d4 Be7 5.dxe5 dxe5 6.Qxd8+ Bxd8 7.b3 a5 8.Bb2 Bf6
9.Nc3 c6 10.e4 Na6 11.Nf3 Nc5 12.O-O fxe4 13.Nd2 e3 14.fxe3 Bg5 15.Nde4 Bxe3+
16.Kh1 Nd3 17.Ba3 Nb4 18.Nd6+ Ke7 19.Rf7+ Kxd6 20.Ne4+ Ke6 21.Rxg7 Ne7 22.Bh3+
Nf5 23.Rd1 Bd4 24.Rf1 Rf8 25.Rxh7 c5 26.g4 Ng3+ 27.hxg3 Rxf1+ 28.Bxf1 Nc2
29.Bh3 Ne3 30.Bc1 {#r} 1-0

[Event "12th Teplice Open 2017"]
[Site "Teplice CZE"]
[Date "2017.06.11"]
[Round "2.14"]
[White "Vanek,T"]
[Black "Zanan,E"]
[Result "0-1"]
[WhiteElo "2177"]
[BlackElo "2442"]

1.e3 e5 2.c4 Nf6 3.Nc3 Bb4 4.Nge2 c6 5.a3 Ba5 6.b4 Bc7 7.Qc2 O-O 8.Bb2 Re8
9.Ng3 d5 10.cxd5 cxd5 11.Rc1 Nc6 12.Bb5 Bd7 13.O-O Rc8 14.Qb1 h5 15.Nge2 e4
16.f4 d4 17.Bxc6 dxc3 18.Bxd7 cxb2 19.Rxc7 Rxc7 20.Bxe8 Qxd2 21.Ng3 Rc1
22.Bxf7+ Kxf7 23.Qa2+ Kf8 {#R} 0-1

[Event "44th OKU 2017"]
[Site "Utrecht NED"]
[Date "2017.06.10"]
[Round "3.7"]
[White "Lalic,B"]
[Black "De Roode,P"]
[Result "1-0"]
[WhiteElo "2445"]
[BlackElo "2198"]

1.c4 e5 2.Nc3 Bb4 3.Nd5 Be7 4.d4 d6 5.Nf3 e4 6.Nd2 c6 7.Nxe7 Qxe7 8.Nb1 f5
9.Nc3 Nf6 10.Bg5 Nbd7 11.e3 h6 12.Bf4 O-O 13.h3 Rf7 14.b4 Nf8 15.c5 d5 16.Bd6
Qd8 17.b5 Ne6 18.bxc6 bxc6 19.Qa4 Qd7 20.Be2 Ne8 21.Be5 g6 22.O-O f4 23.f3
exf3 24.Rxf3 fxe3 25.Rxf7 Kxf7 26.Qc2 Nf8 27.Bd3 Qe6 28.Ne2 g5 29.Ng3 Kg8
30.Re1 Ng7 31.Rxe3 Bd7 32.Rf3 Qe7 33.Rf6 {#r} 1-0

[Event "12th Teplice Open 2017"]
[Site "Teplice CZE"]
[Date "2017.06.12"]
[Round "3.7"]
[White "Vlasak,Lu"]
[Black "Stocek,J"]
[Result "0-1"]
[WhiteElo "2338"]
[BlackElo "2585"]

1.c4 e5 2.Nc3 Bb4 3.Qb3 Bc5 4.Nf3 d6 5.e3 Nc6 6.a3 Nf6 7.h3 O-O 8.Qc2 a5 9.b3
Qe7 10.Nd5 Nxd5 11.cxd5 Nb8 12.Bb2 Bb6 13.Be2 Nd7 14.O-O f5 15.Qc4 Nf6 16.Qh4
Kh8 17.Bc4 Bd7 18.Ng5 h6 19.f4 Ne4 20.Nf3 Qxh4 21.Nxh4 Nxd2 22.Ng6+ Kg8
23.Nxf8 Kxf8 24.fxe5 Nxf1 25.Rxf1 dxe5 26.Bxe5 Re8 27.Bd4 Bxd4 28.exd4 Re3
29.d6 cxd6 30.Bb5 Be6 31.d5 Bf7 32.Rxf5 Rxb3 33.a4 Ke7 34.Rf2 Rb1+ 35.Kh2 Rd1
36.Rc2 Bxd5 37.Be2 Rd4 {#R} 0-1

[Event "10th Mayors Cup Open 2017"]
[Site "Mumbai IND"]
[Date "2017.06.07"]
[Round "5.6"]
[White "Mohammad Fahad,Rahman"]
[Black "Babujian,L"]
[Result "0-1"]
[WhiteElo "2169"]
[BlackElo "2438"]

1.c4 e5 2.g3 Nf6 3.Nc3 Bb4 4.Bg2 Bxc3 5.bxc3 d6 6.d3 O-O 7.e4 Be6 8.Ne2 Qc8
9.h3 c6 10.g4 Rd8 11.Bg5 Nbd7 12.f4 exf4 13.Nxf4 Rf8 14.O-O Qc7 15.Bh4 h6
16.Nxe6 fxe6 17.Bg3 Nh7 18.Qd2 Rxf1+ 19.Rxf1 Rf8 20.Rxf8+ Nhxf8 21.d4 e5 22.g5
hxg5 23.Qxg5 Qa5 24.Qd2 exd4 25.Qxd4 Qxa2 26.Bxd6 Ne6 27.Qd3 a5 28.h4 Ndc5
29.Qe3 b6 30.Qg3 Qb1+ 31.Kh2 Qd3 32.Qe5 Qxc4 33.Qh5 Nd7 34.Bh3 Nf6 35.Qe5 Kf7
36.Bf5 g6 37.Bxg6+ Kxg6 38.Qf5+ Kf7 39.Be5 Qe2+ 40.Kg3 Qe1+ 41.Kh3 Qh1+ 42.Kg3
Qg1+ 43.Kh3 Qg6 {#R} 0-1

[Event "44th OKU 2017"]
[Site "Utrecht NED"]
[Date "2017.06.10"]
[Round "3.6"]
[White "Van der Tuuk,J"]
[Black "Burg,T"]
[Result "0-1"]
[WhiteElo "2132"]
[BlackElo "2518"]

1.c4 e5 2.Nc3 Nf6 3.g3 d5 4.cxd5 Nxd5 5.Bg2 Nb6 6.d3 Nc6 7.Nf3 Be7 8.a3 Be6
9.b4 O-O 10.Bd2 a5 11.b5 Nd4 12.Nxd4 exd4 13.Na4 Bd5 14.Be4 f5 15.Nxb6 cxb6
16.Bxd5+ Qxd5 17.O-O Qxb5 18.Rb1 Qc6 19.Qb3+ Rf7 20.a4 Bc5 21.Rbc1 h5 22.Bg5
Qg6 23.h4 Re8 24.Rc2 Kh7 25.Qd5 f4 26.Qg2 {#R} 0-1

[Event "9th Capo d'Orso Open 2017"]
[Site "Porto Mannu Palau ITA"]
[Date "2017.06.10"]
[Round "9.3"]
[White "Sonis,Francesco"]
[Black "Studer,N"]
[Result "1-0"]
[WhiteElo "2450"]
[BlackElo "2489"]

1.c4 e5 2.g3 Nf6 3.Bg2 d5 4.cxd5 Nxd5 5.Nc3 Nb6 6.e3 Nc6 7.Nge2 Be7 8.O-O O-O
9.f4 exf4 10.Nxf4 Bg5 11.b3 Bf5 12.Bb2 Re8 13.h4 Be7 14.Nh5 Be6 15.Nxg7 Kxg7
16.Ne4+ Kg8 17.Qh5 Nd5 18.Bh3 Qc8 19.Qh6 {#r} 1-0

[Event "9th Capo d'Orso Open 2017"]
[Site "Porto Mannu Palau ITA"]
[Date "2017.06.06"]
[Round "5.9"]
[White "Loew,Gera"]
[Black "Brunello,S"]
[Result "0-1"]
[WhiteElo "2232"]
[BlackElo "2578"]

1.c4 e5 2.Nc3 Nc6 3.Nf3 g6 4.d4 exd4 5.Nxd4 Bg7 6.Nc2 d6 7.Bd2 Nf6 8.e4 O-O
9.Be2 Re8 10.f3 Ne5 11.O-O c6 12.Kh1 a6 13.Rc1 b5 14.Ne3 b4 15.Na4 c5 16.b3
Nfd7 17.Be1 Nf8 18.Nd5 Bb7 19.Nab6 Rb8 20.f4 Nc6 21.f5 Nd4 22.f6 Bh8 23.Ne7+
Rxe7 24.fxe7 Qxe7 25.Nd5 Bxd5 26.cxd5 a5 27.Bd3 Nd7 28.Bf2 Ra8 29.Be3 Be5
30.g3 h5 31.Rf2 a4 32.bxa4 Nb6 33.Bb5 Nxb5 34.axb5 Na4 35.Bd2 Bb2 36.Qf3 Bxc1
37.Bxc1 Nc3 38.e5 Nxb5 39.e6 f5 40.h4 Nd4 41.Qd3 Qb7 42.Qc4 Nxe6 43.Bb2 Re8
44.Kh2 Nf8 45.Qf4 Qxd5 46.Rd2 Qc6 47.Qh6 Re7 48.Qh8+ Kf7 49.Bf6 Re6 50.Qg7+
Ke8 51.Bg5 Qf3 52.Qc7 Re2+ 53.Rxe2+ Qxe2+ 54.Kg1 Qe1+ 55.Kg2 Qe6 56.Bh6 Nd7
57.Qc8+ Kf7 58.Qh8 Qxa2+ 59.Kh3 Nf6 60.Qg7+ Ke6 61.Qxg6 Qb1 62.Kh2 Qc2+ 63.Kg1
Qd1+ 64.Kg2 Qe2+ 65.Kg1 Qg4 66.Bg5 Qxg3+ 67.Kh1 Qe5 68.Qg7 b3 69.Qc7 Qe1+
70.Kg2 Qe2+ 71.Kg1 Ne4 72.Qe7+ Kd5 73.Qb7+ Kd4 74.Qg7+ Kd3 {#R} 0-1

[Event "9th Lublin GM 2017"]
[Site "Lublin POL"]
[Date "2017.06.06"]
[Round "4.5"]
[White "Cyborowski,L"]
[Black "Janik,Igor"]
[Result "1-0"]
[WhiteElo "2534"]
[BlackElo "2422"]

1.c4 e5 2.Nc3 Nf6 3.Nf3 Nc6 4.e3 Bb4 5.Qc2 O-O 6.Nd5 Bd6 7.Ng5 g6 8.Nxf6+ Qxf6
9.Ne4 Qf5 10.a3 Be7 11.b4 d6 12.Be2 b6 13.O-O Bb7 14.d3 Qd7 15.Bb2 Nd8 16.Nc3
Ne6 17.Nd5 Bd8 18.b5 c6 19.bxc6 Bxc6 20.f4 Rc8 21.Bf3 Nc7 22.e4 f6 23.Qe2 Nxd5
24.exd5 Bb7 25.fxe5 dxe5 26.Bg4 f5 27.Bxe5 Re8 28.Bf3 Bf6 29.d4 Bg5 30.Qa2 Ba6
31.d6 Bxc4 32.Bd5+ Bxd5 33.Qxd5+ Re6 34.h4 Be3+ 35.Kh1 Re8 36.Rac1 Bxc1
37.Rxc1 f4 38.Rc7 Qd8 39.Rg7+ Kf8 40.Rxh7 Kg8 41.Qb7 {#r} 1-0